| 000 | 00757nam a22002897a 4500 | ||
|---|---|---|---|
| 001 | 0001937 | ||
| 003 | KOHA_MİRAKIL | ||
| 005 | 20260207001255.0 | ||
| 007 | ta | ||
| 008 | 090220b1998 tu |||gr||||#||||0|tur | | ||
| 020 | _a975560824 | ||
| 040 |
_aTR-BiSEU _btur _cTR-BiSEU _erda |
||
| 041 | 0 | _atur | |
| 044 | _ctu | ||
| 050 |
_aQD31.2 _b.O93 1998 |
||
| 100 | 1 | _aÖzcan, Mustafa. | |
| 245 | 1 |
_aModern temel kimya I/ _cMustafa Özcan ; Mustafa Özcan. |
|
| 250 | _aGenişl. 2. bs. | ||
| 264 | 1 |
_aBalıkesir : _bVipaş _c1998 |
|
| 300 | _a2 c. | ||
| 336 |
_ametin _btxt _2rdacontent |
||
| 337 |
_aaracısız _bn _2rdamedia |
||
| 338 |
_acilt _bnc _2rdacarrier |
||
| 500 | _aKaynakça ve dizin var. | ||
| 650 | 0 |
_aKimya. _91495 |
|
| 942 |
_2lcc _cBK |
||
| 999 |
_c1924 _d1924 |
||